00538nam a2200205 a 450000100060000000300090000600800410001502000150005604000280007108200100009910000190010924500180012826000370014630000100018349000280019365000430022165000390026494200120030399900170031519379CO-ViMGA141112s2004 ck r 000 u spa d a8426102743 aCO-ViMGAbspacCO-ViMGA04aHERor1 aHerge, 92786110aLa oreja rota aBarcelona : bEd. Juventud; 2002 a62 p. aLas Aventuras de Tintin14aCUENTOS INFANTILES DE AVENTURAS92786214aTIRAS COMICAS - HISTORIETAS927863 2ddccBK c28531d28531